Rozvojová pomoc ČR: Česká republika jako nastupující dárcovská země

Vymedzenie podielu Českej republiky na medzinárodnej rozvojovej pomoci a aktívnej účasti na jej realizácii. Definovanie prístupu k svetovej rozvojovej pomoci a celkového postoja na medzinárodnom poli.

Saved in:
Bibliographic Details
Main Author: Kasková, Martina
Format: Book Chapter
Language:Czech
Subjects:
Tags: Add Tag
No Tags, Be the first to tag this record!

MARC

LEADER 00000naa$a2200000$$$4500
001 0043607
005 20231114082329.2
041 0 |a cze 
044 |a CZ 
245 1 0 |a Rozvojová pomoc ČR: Česká republika jako nastupující dárcovská země  |c Martina Kasková 
520 |a Vymedzenie podielu Českej republiky na medzinárodnej rozvojovej pomoci a aktívnej účasti na jej realizácii. Definovanie prístupu k svetovej rozvojovej pomoci a celkového postoja na medzinárodnom poli. 
610 2 0 |a pomoc rozvojová 
610 2 0 |a Česko 
610 2 0 |a krajiny rozvojové 
610 2 0 |a spolupráca medzinárodná 
610 2 0 |a politika zahraničná 
100 1 |a Kasková, Martina